000 00340 a2200109 4500
001 ART_38301
005 20260410161752.0
008 260409a
245 1 0 _aReglamentación de la reforma del impuesto a las ganancias
100 1 _aCerchiara, Claudia M.
773 0 _tDoctrina tributaria
_g- Nº 408 (mar. 2014)
_wREV4296
999 _c19751
_d19751